1121 1661 1476 1509 1206 1771 1341 1271 1522 1645 1046 1487 1733 1025 1338 1155 1172 1885 1768 1508 1510 1575 1887 1640 1549 1327 1710 1228 1777 1954 1039 1574 1926 1861 1853 1668 1648 1215 1087 1944 1140 1233 1085 1293 1715 1978 1356 1967 1009 1975 1195 1226 1885 1378 1298 1609 1593 1289 1303 1541 1829 1772 1068 1465 1565 1942 1082 1604 1611 1939 1305 1347 1390 1577 1217 1712 1635 1230 1221 1782 1135 1547 1892 1184 1134 1411 1671 1337 1394 1754 1031 1658 1950 1370 1584 1958 1876 1938 1656 BCNSPRNW ULIB Ver.6.0+V

เปลี่ยนเป็นภาษาไทย

Change to English
 แสดงรายละเอียดบรรณานุกรม
  กลับหน้าหลัก

Brief Record : Get Marc (ISO 2709) : E-mail record : QR code < ปิดหน้าต่าง
LEADER : 00000nam 2200000uu 4500
001    13399128613
003     ULIB
008    230920s2564||||th 000 0 tha d
020    ^a9786164433892
060  4 ^aWI39^bต367
245 00 ^aตำราโรคระบบทางเดินอาหารและตับในเวชปฏิบัติ =^bPracticalgastroenterology & hepatology /^cบรรณาธิการ, มณฑิรา มณีรัตนะพร, สุพจน์ นิ่มอนงค์, อวยพร เค้าสมบัติวัฒนา
246 30 ^aPractical gastroenterology and hepatology
246 31 ^aPractical gastroenterology & hepatology
250    ^aพิมพ์ครั้งที่ 2
260    ^aกรุงเทพฯ :^bสาขาวิชาโรคระบบทางเดินอาหาร ภาควิชาอายุรศาสตร์คณะแพทยศาสตร์ศิริราชพยาบาล,^c2564
300    ^axiii, 834 หน้า :^bภาพประกอบ ;^c24 ซม.
504    ^aมีบรรณานุกรมและดรรชนี
505 2  ^aกรดไหลย้อน -- หลอดอาหารทำงานผิดปกติ -- กระเพาะอาหารแปรปรวน --แผลเปปติก --ภาวะแทรกซ้อนในทางเดินอาหารจากยาต้านอักเสบที่ไม่ใช่เสตียรอยด์ยาต้านเกล็ดเลือดและ/หรือ ยาต้านการแข็งตัวของเลือด --เลือดออกจากทางเดินอาหารส่วนบน -- เลือดออกจากทางเดินอาหารส่วนกลาง-- เลือดออกจากทางเดินอาหารส่วนล่าง --ติ่งเนื้อลำไส้ใหญ่และโรคติ่งเนื้อลำไส้ใหญ่ --เคล็ดลับในการดูแลผู้ป่วยท้องเสียเรื้อรัง -- ภาวะการดูดซึมอาหารผิดปกติ --ท้องผูกเรื้อรัง -- ลำไส้แปรปรวน -- ท้องเสียจากเชื้อ C.difficile --ลำไส้อักเสบเรื้อรัง -- กระเปาะสำไส้ใหญ่และภาวะแทรกซ้อน --ลำไส้ขาดเลือด -- ทางเดินน้ำดีชนิดไม่ร้ายแรง -- ท่อน้ำดีอักเสบเฉียบพลัน -- มะเร็งท่อน้ำดี -- ตับอ่อนอักเสบ -- มะเร็งตับอ่อน -- ไวรัสตับอักเสบเอและไวรัสตับอักเสบอี -- ไวรัสตับอักเสบบี -- ไวรัสตับอักเสบซี -- ฝีในตับ -- โรคตับจากแอลกอฮอล์ -- ไขมันพอกตับที่ไม่ได้เกิดจากแอลกอฮอล์ --โรคตับจากพันธุกรรม -- โรคตับออโตอิมมูน -- ตับอักเสบจากยา --ตับวายเฉียบพลัน/ตับวายเฉียบพลันในโรคตับเรื้อรัง --เกณฑ์และการคัดเลือกผู้ป่วยสำหรับการปลูกถ่ายตับ --ตับแข็งและภาวะแทรกซ้อน -- มะเร็งเซลล์ตับ -- โรคหลอดเลือดของตับ --โรคตับในหญิงตั้งครรภ์ --ปัญหาที่พบบ่อยของระบบทางเดินอาหารและตับในผู้ป่วยใน --ลักษณะคลินิกของระบบทางเดินอาหารในโรคระบบอื่นๆ --ลักษณะคลิกนิกของตับในโรคระบบอื่นๆ --การใช้ยารักษาโรคทางเดินอาหารและตับในหญิงตั้งครรภ์ --โภชนบำบัดสำหรับผู้ป่วยโรคทางเดินอาหารและตับ --การแปลผลเอกซเรีย์คอมพิวเตอร์ช่องท้อง
650  2 ^aGastroenterology
650  4 ^aวิทยากระเพาะอาหารและลำไส้
650  4 ^aระบบกระเพาะอาหารและลำไส้
700 0  ^aมณฑิรา มณีรัตนะพร,^eบรรณาธิการ
700 0  ^aสุพจน์ นิ่มอนงค์,^eบรรณาธิการ
700 0  ^aอวยพร เค้าสมบัติวัฒนา,^eบรรณาธิการ
945    ^p720^l0^i29861
945    ^p720^l0^i29862
945    ^p720^l0^i29863
999    ^aกัณชพร จุลอักษร
รายการนี้ยังไม่มีแท็ก
คุณยังไม่ได้ล็อกอิน คุณสามารถมีกิจกรรมร่วมกับเว็บไซต์ได้ แต่ต้องล็อกอินก่อน ::
  ล็อกอิน

รายการสื่อสารสนเทศ

ลำดับที่ ประเภท เลขเรียก/บาร์โค้ด สถานที่ สถานะ
1. หนังสือสำรอง
หนังสือสำรอง
WI39 ต367 ฉ.1 
  Barcode: 29861
ห้องสมุดวิทยาเขตนครสวรรค์
►หนังสือทั่วไป:l:General Books
บนชั้น
2. วิทยาศาสตร์การแพทย์ และสุขภาพ
วิทยาศาสตร์การแพทย์ และสุขภาพ
WI39 ต367 ฉ.2 
  Barcode: 29862
ห้องสมุดวิทยาเขตนครสวรรค์
►หนังสือทั่วไป:l:General Books
บนชั้น
3. วิทยาศาสตร์การแพทย์ และสุขภาพ
วิทยาศาสตร์การแพทย์ และสุขภาพ
WI39 ต367 ฉ.3 
  Barcode: 29863
ห้องสมุดวิทยาเขตนครสวรรค์
►หนังสือทั่วไป:l:General Books
บนชั้น

รายการใกล้เคียง
    หัวเรื่อง [Gastroenterology]
    หัวเรื่อง [วิทยากระเพาะอาหารและลำไส้]
    หัวเรื่อง [ระบบกระเพาะอาหารและลำไส้]

BibComment


ยังไม่เคยถูกคอมเมนท์

คอมเมนท์ทรัพยากรรายการนี้
  คอมเมนท์: ตำราโรคระบบทางเด..


 Copyright 2026. Bcnsprnw @Library